Southville International School and Colleges
Your cart is empty.
  • Cart
  • Lists
    Public lists Eva Luna New books Lux_list list_1
    Your lists Log in to create your own lists
  • Log in to your account
  • Your cookies
  • Search history
Southville International School and Colleges
  • Advanced search
  • Recent comments
  • Most popular
  • Libraries

Log in to your account

Log in with GOOGLE


If you do not have an external account, but do have a local account, you can still log in:

  1. Home
  2. MARC view: The effects of chicken and balut eggshells on the growth of Azadirachta indica /
Normal view MARC view ISBD view

The effects of chicken and balut eggshells on the growth of Azadirachta indica / (Record no. 278573)

[ view plain ]
MARC details
000 -LEADER
fixed length control field 00816nam a2200217Ia 4500
003 - CONTROL NUMBER IDENTIFIER
control field 0
005 - DATE AND TIME OF LATEST TRANSACTION
control field 20250130142820.0
008 - FIXED-LENGTH DATA ELEMENTS--GENERAL INFORMATION
fixed length control field 150126s9999 xx 000 0 und d
050 ## - LIBRARY OF CONGRESS CALL NUMBER
Classification number PGS SB 317.5
Item number .D291 2014
100 ## - MAIN ENTRY--PERSONAL NAME
Personal name De Castro, Stefano.
245 #4 - TITLE STATEMENT
Title The effects of chicken and balut eggshells on the growth of Azadirachta indica /
Statement of responsibility, etc Stefano De Castro.
260 ## - PUBLICATION, DISTRIBUTION, ETC. (IMPRINT)
Place of publication, distribution, etc Las Piñas City, Philippines :
Name of publisher, distributor, etc Southville International School and Colleges,
Date of publication, distribution, etc 2014.
300 ## - PHYSICAL DESCRIPTION
Extent 19 p. :
Other physical details ill. ;
Dimensions 28 cm.
504 ## - BIBLIOGRAPHY, ETC. NOTE
Bibliography, etc Includes bibliographical references.
650 ## - SUBJECT ADDED ENTRY--TOPICAL TERM
Topical term or geographic name as entry element Azadirachta indica
Form subdivision Growth and development.
650 ## - SUBJECT ADDED ENTRY--TOPICAL TERM
Topical term or geographic name as entry element Neem tree
Form subdivision Cultivation.
650 ## - SUBJECT ADDED ENTRY--TOPICAL TERM
Topical term or geographic name as entry element Plant growth
Form subdivision Fertilizers.
650 ## - SUBJECT ADDED ENTRY--TOPICAL TERM
Topical term or geographic name as entry element Soil amendments
Form subdivision Organic materials.
650 ## - SUBJECT ADDED ENTRY--TOPICAL TERM
Topical term or geographic name as entry element Organic fertilizers
Form subdivision Effectiveness.
942 ## - ADDED ENTRY ELEMENTS (KOHA)
Source of classification or shelving scheme Library of Congress Classification
Koha item type PASS
Holdings
Withdrawn status Lost status Source of classification or shelving scheme Damaged status Home library Current library Shelving location Date acquired Source of acquisition Total Checkouts Full call number Barcode Date last seen Price effective from Koha item type
    Library of Congress Classification   Luxembourg Library Luxembourg Library Portfolio Assessment of SISC Students Section 02/06/2042 Donation   PGS SB 317.5 .D291 2014 P3229 01/26/2015 01/26/2015 PASS

The effects of chicken and balut eggshells on the growth of Azadirachta indica /

APA

De Castro S., . (2014). The effects of chicken and balut eggshells on the growth of Azadirachta indica. Las Piñas City, Philippines: Southville International School and Colleges.

Chicago

De Castro Stefano, . 2014. The effects of chicken and balut eggshells on the growth of Azadirachta indica. Las Piñas City, Philippines: Southville International School and Colleges.

Harvard

De Castro S., . (2014). The effects of chicken and balut eggshells on the growth of Azadirachta indica. Las Piñas City, Philippines: Southville International School and Colleges.

MLA

De Castro Stefano, . The effects of chicken and balut eggshells on the growth of Azadirachta indica. Las Piñas City, Philippines: Southville International School and Colleges. 2014.

  • Print
  • Cite
  • Add to your cart (remove)
  • Save record
    BIBTEX Dublin Core MARCXML MARC (non-Unicode/MARC-8) MARC (Unicode/UTF-8) MARC (Unicode/UTF-8, Standard) MODS (XML) RIS
  • More searches
    Search for this title in:
    Other Libraries (WorldCat) Other Databases (Google Scholar) Online Stores (Bookfinder.com) Open Library (openlibrary.org)

Exporting to Dublin Core...

SOUTHVILLE LIBRARY

Southville International School and Colleges Library

1281 Tropical Ave. Cor. Luxembourg St., BF Homes International, Las Pinas City

Tel. No. 8256374 / 252358 Loc. 117/146

Powered by Koha